<?xml version="1.0" encoding="UTF-8"?>
<record
    xmlns:xsi="http://www.w3.org/2001/XMLSchema-instance"
    xsi:schemaLocation="http://www.loc.gov/MARC21/slim http://www.loc.gov/standards/marcxml/schema/MARC21slim.xsd"
    xmlns="http://www.loc.gov/MARC21/slim">

  <leader>04136nam a22005055i 4500</leader>
  <controlfield tag="001">978-3-031-36476-1</controlfield>
  <controlfield tag="003">DE-He213</controlfield>
  <controlfield tag="005">20250103112331.0</controlfield>
  <controlfield tag="007">cr nn 008mamaa</controlfield>
  <controlfield tag="008">230713s2023    sz |    s    |||| 0|eng d</controlfield>
  <datafield tag="020" ind1=" " ind2=" ">
    <subfield code="a">9783031364761</subfield>
    <subfield code="9">978-3-031-36476-1</subfield>
  </datafield>
  <datafield tag="024" ind1=" " ind2=" ">
    <subfield code="a">10.1007/978-3-031-36476-1</subfield>
    <subfield code="2">doi</subfield>
  </datafield>
  <datafield tag="050" ind1=" " ind2=" ">
    <subfield code="a">JZ2-6530</subfield>
  </datafield>
  <datafield tag="072" ind1=" " ind2=" ">
    <subfield code="a">JPS</subfield>
    <subfield code="2">bicssc</subfield>
  </datafield>
  <datafield tag="072" ind1=" " ind2=" ">
    <subfield code="a">POL011000</subfield>
    <subfield code="2">bisacsh</subfield>
  </datafield>
  <datafield tag="072" ind1=" " ind2=" ">
    <subfield code="a">JPS</subfield>
    <subfield code="2">thema</subfield>
  </datafield>
  <datafield tag="082" ind1=" " ind2=" ">
    <subfield code="a">327.101</subfield>
    <subfield code="2">23</subfield>
  </datafield>
  <datafield tag="100" ind1=" " ind2=" ">
    <subfield code="a">Gonz&#xE1;lez Levaggi, Ariel.</subfield>
    <subfield code="e">author.</subfield>
    <subfield code="4">aut</subfield>
    <subfield code="4">http://id.loc.gov/vocabulary/relators/aut</subfield>
  </datafield>
  <datafield tag="245" ind1=" " ind2=" ">
    <subfield code="a">Great Power Competition in the Southern Oceans</subfield>
    <subfield code="h">[electronic resource] :</subfield>
    <subfield code="b">From the Indo-Pacific to the South Atlantic /</subfield>
    <subfield code="c">by Ariel Gonz&#xE1;lez Levaggi.</subfield>
  </datafield>
  <datafield tag="250" ind1=" " ind2=" ">
    <subfield code="a">1st ed. 2023.</subfield>
  </datafield>
  <datafield tag="260" ind1=" " ind2=" ">
    <subfield code="a">Cham :</subfield>
    <subfield code="b">Springer Nature Switzerland :</subfield>
    <subfield code="b">Imprint: Palgrave Macmillan,</subfield>
    <subfield code="c">2023.</subfield>
  </datafield>
  <datafield tag="300" ind1=" " ind2=" ">
    <subfield code="a">XVII, 269 p. 3 illus., 2 illus. in color.</subfield>
    <subfield code="b">online resource.</subfield>
  </datafield>
  <datafield tag="336" ind1=" " ind2=" ">
    <subfield code="a">text</subfield>
    <subfield code="b">txt</subfield>
    <subfield code="2">rdacontent</subfield>
  </datafield>
  <datafield tag="337" ind1=" " ind2=" ">
    <subfield code="a">computer</subfield>
    <subfield code="b">c</subfield>
    <subfield code="2">rdamedia</subfield>
  </datafield>
  <datafield tag="338" ind1=" " ind2=" ">
    <subfield code="a">online resource</subfield>
    <subfield code="b">cr</subfield>
    <subfield code="2">rdacarrier</subfield>
  </datafield>
  <datafield tag="347" ind1=" " ind2=" ">
    <subfield code="a">text file</subfield>
    <subfield code="b">PDF</subfield>
    <subfield code="2">rda</subfield>
  </datafield>
  <datafield tag="490" ind1=" " ind2=" ">
    <subfield code="a">Palgrave Studies in Maritime Politics and Security,</subfield>
    <subfield code="x">2730-7980</subfield>
  </datafield>
  <datafield tag="505" ind1=" " ind2=" ">
    <subfield code="a">Chapter 1: Between threats and capabilities: maritime strategies in the era of great power competition -- Part 1: Maritime Strategies of Great Powers in the 21st Century -- Chapter 2: United States: naval hegemony faces the Eurasian challenge -- Chapter 3: People's Republic of China: the &#x2018;blue&#x2019; dream of a maritime challenger -- Chapter 4: Russia&#x2019;s maritime strategy: between naval modernization and power projection -- Chapter 5: Republic of India: a democratic power with maritime aspirations -- Part 2: Naval Competition in the Oceans of the Global South -- Chapter 6: Indo-Pacific: clash of the titans -- Chapter 7: The South Atlantic and the global strategic competition.</subfield>
  </datafield>
  <datafield tag="520" ind1=" " ind2=" ">
    <subfield code="a">Great power competition is the watermark of the current global scenario. In this regard, the maritime and naval dimension have a particular relevance on the struggle for regional and global hegemony. This book has the potential to engage with multiple audiences, since develops an analytic approach to understand naval great power competition in the maritime spaces of the Global South. It is set within a neoclassical realism approach, while engaging literature from international relations, international security, and studies on the Indo-Pacific and the South Atlantic security dynamics. The book offers a unique conceptual framework to understand how great powers select their maritime strategies, presents a series of regional and global maritime strategies by the United States, China, Russia and India, while assess their impact in the Southern Oceans, focusing in the Indo-Pacific realm and the South Atlantic. Dr. Ariel Gonz&#xE1;lez Levaggi is Associate Professor at the Department of Political Sciences and International Relations of the Faculty of Social Sciences, Pontifical Catholic University of Argentina. He is also Senior Researcher at the Center for Research and Strategic Studies of the Argentine Navy, Associate Researcher of the regional think tank CRIES, Co-Chair of the Section &#x2018;Asia and the Americas&#x2019; at the Latin American Studies Association (LASA) and Senior Associate (Non- Resident) at the Americas Program of the Center for Strategic and International Studies (CSIS). .</subfield>
  </datafield>
  <datafield tag="650" ind1=" " ind2=" ">
    <subfield code="a">International relations.</subfield>
  </datafield>
  <datafield tag="650" ind1=" " ind2=" ">
    <subfield code="a">Security, International.</subfield>
  </datafield>
  <datafield tag="650" ind1=" " ind2=" ">
    <subfield code="a">International Relations Theory.</subfield>
  </datafield>
  <datafield tag="650" ind1=" " ind2=" ">
    <subfield code="a">International Security Studies.</subfield>
  </datafield>
  <datafield tag="710" ind1=" " ind2=" ">
    <subfield code="a">SpringerLink (Online service)</subfield>
  </datafield>
  <datafield tag="773" ind1=" " ind2=" ">
    <subfield code="t">Springer Nature eBook</subfield>
  </datafield>
  <datafield tag="776" ind1=" " ind2=" ">
    <subfield code="i">Printed edition:</subfield>
    <subfield code="z">9783031364754</subfield>
  </datafield>
  <datafield tag="776" ind1=" " ind2=" ">
    <subfield code="i">Printed edition:</subfield>
    <subfield code="z">9783031364778</subfield>
  </datafield>
  <datafield tag="776" ind1=" " ind2=" ">
    <subfield code="i">Printed edition:</subfield>
    <subfield code="z">9783031364785</subfield>
  </datafield>
  <datafield tag="830" ind1=" " ind2=" ">
    <subfield code="a">Palgrave Studies in Maritime Politics and Security,</subfield>
    <subfield code="x">2730-7980</subfield>
  </datafield>
  <datafield tag="856" ind1=" " ind2=" ">
    <subfield code="u">https://doi.org/10.1007/978-3-031-36476-1</subfield>
  </datafield>
  <datafield tag="912" ind1=" " ind2=" ">
    <subfield code="a">ZDB-2-POS</subfield>
  </datafield>
  <datafield tag="912" ind1=" " ind2=" ">
    <subfield code="a">ZDB-2-SXPI</subfield>
  </datafield>
  <datafield tag="999" ind1=" " ind2=" ">
    <subfield code="c">12655</subfield>
    <subfield code="d">12655</subfield>
  </datafield>
  <datafield tag="952" ind1=" " ind2=" ">
    <subfield code="0">0</subfield>
    <subfield code="1">0</subfield>
    <subfield code="4">0</subfield>
    <subfield code="7">0</subfield>
    <subfield code="a">MU</subfield>
    <subfield code="b">MU</subfield>
    <subfield code="d">2025-01-03</subfield>
    <subfield code="r">2025-01-03</subfield>
    <subfield code="w">2025-01-03</subfield>
    <subfield code="y">EB</subfield>
  </datafield>
</record>
